000
00411nam a22001697a 4500
003
MPLRDC
005
20220104114740.0
008
210129b ||||| |||| 00| 0 eng d
082
_a
857.62 HGZS
100
_a
横沟正史著; 巩长金、孟瑜译
245
_a
怪兽男爵
_c
250
_a
一版一刷
260
_a
_b
长虹出版公司
_c
1989
300
_b
平
650
_a
942
_c
BK
_o
857.62 HGZS
999
_c
9919
_d
9909